000 00799nam a2200241Ia 4500
003 OSt
005 20220926014953.0
006 a|||||r|||| 00| 0
007 ta
008 220923b |||||||| |||| 00| 0 eng d
037 _cGeneral Book
040 _aRTL
_cRTL
_beng
041 _2eng
_aeng
082 _aX:31-8F.73.N6, K8
100 _aKendrick John W Ed.
_9248053
245 0 _aIndustrial composition of income and product
260 _aNew York
_bNational Bureau of Economic Research
_c1968
300 _aviii, 494p
_ccm.
490 _astudies in income and wealth, 32. National Bureau of Economic Research conference on research and wealth
650 _aNational Income
942 _hX:31-8F.73.N6, K8
_cGB
_2CC
999 _c630252
_d630252